000 00381nam a22001697a 4500
005 20160629122220.0
008 160629b xxu||||| |||| 00| 0 eng d
020 _a978-0-07-014491-0
041 _aeng
082 _b10801
100 _aSaxena, Rajan
_91416
245 _aMarketing Management
260 _bTMH
_c2009
300 _a793
650 _aManagement
_9241
942 _cBK
999 _c4636
_d4634